Advanced programming using visual basic 2005. / (Record no. 1636)
[ view plain ]
| 000 -LEADER | |
|---|---|
| fixed length control field | 01148nam a22001937a 4500 |
| 008 - FIXED-LENGTH DATA ELEMENTS--GENERAL INFORMATION | |
| fixed length control field | 120705t xxu||||| |||| 00| 0 eng d |
| 020 ## - INTERNATIONAL STANDARD BOOK NUMBER | |
| International Standard Book Number | 0073517178 |
| 050 ## - LIBRARY OF CONGRESS CALL NUMBER | |
| Classification number | QA.76.73.B3 B72 |
| 100 ## - MAIN ENTRY--PERSONAL NAME | |
| Personal name | Bradley, Julia Case. |
| 245 ## - TITLE STATEMENT | |
| Title | Advanced programming using visual basic 2005. / |
| Statement of responsibility, etc. | Julia Case Bradley. |
| 260 ## - PUBLICATION, DISTRIBUTION, ETC. | |
| Place of publication, distribution, etc. | Boston: |
| Name of publisher, distributor, etc. | McGraw-Hill, |
| Date of publication, distribution, etc. | 2007. |
| 300 ## - PHYSICAL DESCRIPTION | |
| Extent | xxii, 650 p.: |
| Other physical details | ill.; |
| Dimensions | 28cm. |
| 500 ## - GENERAL NOTE | |
| General note | Includes index. |
| 505 ## - FORMATTED CONTENTS NOTE | |
| Formatted contents note | Contents: Visual studio -- Building multitier programs with classes -- Windows database applications -- Windows database using related tables -- Windows database updates -- Web services -- Using web forms -- Web forms database -- Writing database reports using crystal reports -- Using collections -- User controls -- Creating help files -- Looking ahead -- Appendix A: Answers to feedback questions -- Appendix B: Review of introductory concepts -- Appendix C: SQL server express -- Appendix D: Dployment -- Appendix E: Tips and shortcuts for mastering the environment -- Glossary. |
| 650 ## - SUBJECT ADDED ENTRY--TOPICAL TERM | |
| Topical term or geographic name entry element | Microsoft Visual BASIC. |
| 650 ## - SUBJECT ADDED ENTRY--TOPICAL TERM | |
| Topical term or geographic name entry element | Computer programming. |
| 700 ## - ADDED ENTRY--PERSONAL NAME | |
| Personal name | Millspaugh, Anita C. |
| 942 ## - ADDED ENTRY ELEMENTS (KOHA) | |
| Source of classification or shelving scheme | Library of Congress Classification |
| Koha item type | Books |
| Withdrawn status | Lost status | Source of classification or shelving scheme | Damaged status | Not for loan | Home library | Current library | Shelving location | Date acquired | Total Checkouts | Full call number | Barcode | Date last seen | Copy number | Price effective from | Koha item type |
|---|---|---|---|---|---|---|---|---|---|---|---|---|---|---|---|
| Library of Congress Classification | WISCONSIN INTERNATIONAL UNIVERSITY COLLEGE, GHANA - MAIN LIBRARY | WISCONSIN INTERNATIONAL UNIVERSITY COLLEGE, GHANA - MAIN LIBRARY | General Stacks | 05/07/2012 | QA.76.73.B3 B72 | 4522/12 | 05/07/2012 | 1 | 05/07/2012 | Books | |||||
| Library of Congress Classification | WISCONSIN INTERNATIONAL UNIVERSITY COLLEGE, GHANA - MAIN LIBRARY | WISCONSIN INTERNATIONAL UNIVERSITY COLLEGE, GHANA - MAIN LIBRARY | General Stacks | 05/07/2012 | QA.76.73.B3 B721 | 4523/12 | 05/07/2012 | 2 | 05/07/2012 | Books | |||||
| Library of Congress Classification | WISCONSIN INTERNATIONAL UNIVERSITY COLLEGE, GHANA - MAIN LIBRARY | WISCONSIN INTERNATIONAL UNIVERSITY COLLEGE, GHANA - MAIN LIBRARY | General Stacks | 05/07/2012 | QA.76.73.B3 B722 | 4524/12 | 05/07/2012 | 3 | 05/07/2012 | Books |
